| 000 | 00514nam a2200193Ia 4500 | ||
|---|---|---|---|
| 003 | OSt | ||
| 005 | 20250201113726.0 | ||
| 008 | 210716s1981 xx 000 0 und d | ||
| 020 | _a0394518020 | ||
| 040 | _cAIMIT LIBRARY | ||
| 041 | _aeng | ||
| 082 |
_a813.54 _21 _bMAYJ |
||
| 100 |
_aMaynard, Joyce. _9196928 |
||
| 245 |
_aBaby love / _cBy Joyce Maynard. |
||
| 250 | _a1st ed. | ||
| 260 |
_aNew York : _bAlfred A Knopf Inc ; _c1981. |
||
| 300 |
_a243p. ; _bPB _c21 cm. |
||
| 942 |
_2ddc _cBK _e1st ed. _k813.54 MAYJ |
||
| 999 |
_c200180 _d200180 |
||